00868nam a2200205 a 450000100100000000500170001000800410002704000250006808200180009310000490011124501470016026000370030730000280034450000700037250400500044265100280049204900090052095201160052999900170064500001438520200929163610.0091211s2006 dr a 000 0 spa d aDO-SdBNPbspacBNPHU a937.02bC843e1 aCotes Guzmán, Miguel Antoniod1950-93249110aEntre la balanza y el río :brecopilación histórica de la Romana /cMiguel Antonio Cotes Guzmán ; presentación Crisanta Moreta Mora. aLa Romana :bCañaveral,c2006. a190 p. :bil. ;c23 cm. aIncluye datos biográficos del autor en la solapa de la cubierta aIncluye referencias bibliográficas (p. 190) 4aRomanaxHistoria932492 aBNPD 0010718PDaPDbPDcCTd2009-12-11iLF1l0o937.02 C843ep14385-10r2020-06-25w2020-06-25yLFPDZNo se presta c13976d13976